[Event "Tirol Landesliga 2223"]
[Site "Austria"]
[Date "2022.10.01"]
[Round "1.5"]
[White "Kranebitter, Gerhard"]
[Black "Kondrak, Christof"]
[Result "1-0"]
[WhiteElo "1991"]
[BlackElo "2028"]
[PlyCount "107"]
[EventDate "2022.10.01"]
[EventType "team-tourn"]
[EventRounds "9"]
[EventCountry "AUT"]
[SourceTitle "EXT 2024"]
[Source "ChessBase"]
[SourceDate "2023.10.10"]
[SourceVersion "1"]
[SourceVersionDate "2023.10.10"]
[SourceQuality "1"]
[WhiteTeam "Rochade Rum"]
[BlackTeam "Schwaz"]
[WhiteTeamCountry "AUT"]
[BlackTeamCountry "AUT"]

1. e4 c5 2. Nc3 e6 3. g3 a6 4. Bg2 Qc7 5. d3 b5 6. f4 Bb7 7. Nf3 d6 8. 0-0 Nf6 9. h3 b4 10. Ne2 e5 11. c4 bxc3 12. Nxc3 Be7 13. Nh4 0-0 14. Nf5 Nc6 15. Nd5 Nxd5 16. exd5 Nd4 17. fxe5 Nxf5 18. Rxf5 dxe5 19. Qe2 f6 20. Rh5 Qd7 21. Qe4 g6 22. Rh6 Rf7 23. Qc4 Bf8 24. Rh4 Rd8 25. Be3 Bxd5 26. Bxd5 Qxd5 27. Qxa6 Qxd3 28. Qxd3 Rxd3 29. Kf2 Rb7 30. Ke2 Rd5 31. b3 f5 32. Rc4 Be7 33. Rac1 Rb5 34. R1c3 Kf7 35. Ra4 g5 36. Ra7 f4 37. a4 Rb8 38. Bxc5 Re8 39. gxf4 gxf4 40. Kf3 Rd1 41. Ke4 Re1+ 42. Kf5 Kf8 43. Rxe7 Rxe7 44. Kf6 e4 45. Bxe7+ Ke8 46. a5 Kd7 47. Bc5 Ra1 48. b4 e3 49. Bxe3 fxe3 50. Rxe3 Kc6 51. Kg7 Kb5 52. Re4 Rh1 53. h4 h5 54. Kg6 1-0

[Event "AUT-ch Vor2 Internet"]
[Site "Playchess.com INT"]
[Date "2020.04.13"]
[Round "8"]
[White "Breneis, Gerhard"]
[Black "Kondrak, Christof"]
[Result "1-0"]
[WhiteElo "1990"]
[BlackElo "2033"]
[PlyCount "67"]
[EventDate "2020.04.13"]
[EventType "swiss (blitz)"]
[EventRounds "9"]
[EventCountry "AUT"]
[SourceTitle "CBM 195 Extra"]
[Source "ChessBase"]
[SourceDate "2020.05.31"]
[SourceVersion "1"]
[SourceVersionDate "2020.05.31"]
[SourceQuality "1"]

1. e4 c5 2. d3 e6 3. Nc3 d5 4. Qe2 d4 5. Nd1 Nf6 6. f4 Be7 7. g4 e5 8. f5 h6 9. Bg2 b5 10. h4 Bb7 11. g5 hxg5 12. hxg5 Rxh1 13. Bxh1 Nfd7 14. Qh5 Nf8 15. Nf3 Qd6 16. Qh8 g6 17. f6 Bd8 18. Nf2 Bc8 19. Bd2 Be6 20. Bg2 Nc6 21. Ke2 c4 22. a3 Bb6 23. Rh1 0-0-0 24. Bh3 c3 25. Bc1 cxb2 26. Bxb2 b4 27. axb4 Qxb4 28. Bc1 Qb1 29. Bd2 Qa2 30. Qg7 Bxh3 31. Nxh3 Ne6 32. Qh7 Ba5 33. Rc1 Bxd2 34. Nxd2 1-0

[Event "AUT-ch Vor2 Internet"]
[Site "Playchess.com INT"]
[Date "2020.04.13"]
[Round "3"]
[White "Janes, Christian"]
[Black "Kondrak, Christof"]
[Result "0-1"]
[WhiteElo "1740"]
[BlackElo "2033"]
[PlyCount "112"]
[EventDate "2020.04.13"]
[EventType "swiss (blitz)"]
[EventRounds "9"]
[EventCountry "AUT"]
[SourceTitle "CBM 195 Extra"]
[Source "ChessBase"]
[SourceDate "2020.05.31"]
[SourceVersion "1"]
[SourceVersionDate "2020.05.31"]
[SourceQuality "1"]

1. e4 c5 2. Nf3 e6 3. c3 Nf6 4. e5 Nd5 5. d4 cxd4 6. cxd4 d6 7. Nc3 Nxc3 8. bxc3 dxe5 9. Nxe5 Bd6 10. Bb5+ Nd7 11. Nxd7 Bxd7 12. Bxd7+ Qxd7 13. 0-0 0-0 14. Be3 Qc7 15. h3 Qxc3 16. Qf3 Rab8 17. a4 Qa5 18. Rfb1 b6 19. Rb5 Qc3 20. Rab1 h6 21. d5 e5 22. a5 bxa5 23. Rxb8 Bxb8 24. Rc1 Qd3 25. Rd1 Qg6 26. Bc5 Rd8 27. Qa3 e4 28. Qxa5 Qf6 29. Be3 Qd6 30. g3 g5 31. Bc5 Qc7 32. Qxc7 Bxc7 33. Bxa7 Bd6 34. Be3 Kg7 35. g4 Kf6 36. Bd4+ Be5 37. Bb6 Rd7 38. Bc5 Kg6 39. d6 Kf6 40. Re1 Ke6 41. Rxe4 Kd5 42. Rxe5+ Kxe5 43. Bb4 f5 44. Kg2 Kf4 45. gxf5 Kxf5 46. f3 h5 47. Kg3 Rb7 48. Bc3 Ke6 49. f4 Rb3 50. fxg5 Rxc3+ 51. Kh4 Kf5 52. d7 Rd3 53. d8Q Rxd8 54. Kg3 Kxg5 55. h4+ Kf5 56. Kh3 Rd3+ 0-1

[Event "AUT-ch Vor1 Internet"]
[Site "Playchess.com INT"]
[Date "2020.04.11"]
[Round "2"]
[White "Kucharski, Michael"]
[Black "Kondrak, Christof"]
[Result "1-0"]
[WhiteElo "1927"]
[BlackElo "2033"]
[PlyCount "119"]
[EventDate "2020.04.11"]
[EventType "swiss (blitz)"]
[EventRounds "9"]
[EventCountry "AUT"]
[SourceTitle "CBM 195 Extra"]
[Source "ChessBase"]
[SourceDate "2020.05.31"]
[SourceVersion "1"]
[SourceVersionDate "2020.05.31"]
[SourceQuality "1"]

1. d4 d5 2. Nf3 e6 3. e3 Nf6 4. Bd3 Be7 5. Nbd2 a6 6. 0-0 b5 7. c3 Bb7 8. Qe2 0-0 9. e4 c5 10. e5 Nfd7 11. Re1 c4 12. Bb1 Nc6 13. Nf1 b4 14. Bd2 a5 15. Ng3 a4 16. Qd1 a3 17. bxa3 bxc3 18. Bxc3 Rxa3 19. Qc2 g6 20. Bb2 Nb4 21. Qc1 Ra7 22. a3 Qa8 23. Bxg6 hxg6 24. axb4 Bxb4 25. Rxa7 Qxa7 26. Bc3 Ba3 27. Qh6 Ra8 28. h4 Bf8 29. Qd2 Bg7 30. h5 Nf8 31. Bb4 Qa2 32. Qf4 Qc2 33. Bxf8 Bxf8 34. hxg6 Qxg6 35. Qg5 Qxg5 36. Nxg5 Bh6 37. Nf3 Rc8 38. Nf1 c3 39. Ne3 Ba6 40. Rc1 Bd3 41. Ne1 Be4 42. Kf1 Rc4 43. Ke2 Rxd4 44. Rxc3 Bxe3 45. Rxe3 Kg7 46. f3 Bg6 47. g3 Ra4 48. Kf2 d4 49. Re2 Kh6 50. Rd2 Kg5 51. Ke2 Kf5 52. f4 Ke4 53. Nd3 Rc4 54. Nf2+ Kd5 55. Nd1 Rc2 56. Ne3+ Kc5 57. Nxc2 d3+ 58. Rxd3 Bxd3+ 59. Kxd3 Kd5 60. Ke3 1-0

[Event "Pattaya op"]
[Site "Pattaya"]
[Date "2019.10.27"]
[Round "6"]
[White "Kondrak, Christof"]
[Black "Romero, Gladimir Chester"]
[Result "0-1"]
[WhiteElo "2103"]
[BlackElo "1310"]
[PlyCount "54"]
[EventDate "2019.10.23"]
[EventType "swiss"]
[EventRounds "9"]
[EventCountry "THA"]
[SourceTitle "CBM 195 Extra"]
[Source "ChessBase"]
[SourceDate "2020.05.31"]
[SourceVersion "1"]
[SourceVersionDate "2020.05.31"]
[SourceQuality "1"]

1. d4 Nf6 2. Nf3 e6 3. c4 Bb4+ 4. Nc3 Bxc3+ 5. bxc3 d6 6. Qc2 c5 7. Bg5 h6 8. Bh4 Nbd7 9. e4 Qc7 10. Bd3 cxd4 11. cxd4 e5 12. 0-0 0-0 13. Kh1 Nh5 14. Rfd1 Nf4 15. Bf1 Nb6 16. Ne1 Be6 17. dxe5 dxe5 18. c5 Nd7 19. Be7 Rfc8 20. Bd6 Qc6 21. g3 Ng6 22. Nd3 Qxd6 23. f4 exf4 24. gxf4 Qd4 25. f5 Qxe4+ 26. Bg2 Qxf5 27. Rf1 Qg5 0-1

[Event "Innsbruck op 3rd"]
[Site "Innsbruck"]
[Date "2019.08.30"]
[Round "8"]
[White "Kondrak, Christof"]
[Black "Kornitzky, Tino"]
[Result "0-1"]
[WhiteElo "2139"]
[BlackElo "2057"]
[PlyCount "64"]
[EventDate "2019.08.25"]
[EventType "swiss"]
[EventRounds "9"]
[EventCountry "AUT"]
[SourceTitle "EXT 2020"]
[Source "ChessBase"]
[SourceDate "2019.10.17"]
[SourceVersion "1"]
[SourceVersionDate "2019.10.17"]
[SourceQuality "1"]

1. d4 Nf6 2. Nf3 d5 3. Bf4 c5 4. c3 Nc6 5. e3 Qb6 6. Qc1 Bf5 7. dxc5 Qxc5 8. Nbd2 e6 9. Nd4 Bg6 10. Bb5 Be7 11. Bc7 a6 12. b4 Qa7 13. Nxc6 bxc6 14. Bxc6+ Kf8 15. Bxa8 Qxc7 16. a4 Qc8 17. b5 Qxa8 18. 0-0 Bd3 19. Rd1 g6 20. c4 Be2 21. Re1 Bxc4 22. Nxc4 dxc4 23. b6 Qc6 24. a5 Kg7 25. Qc3 Rc8 26. Rab1 Kg8 27. b7 Rb8 28. Rb6 Qc7 29. Rxa6 Nd5 30. Qa1 Qxb7 31. Qe5 Rd8 32. Rb6 Nxb6 0-1

[Event "Innsbruck op 3rd"]
[Site "Innsbruck"]
[Date "2019.08.29"]
[Round "7"]
[White "Modi, Yashil"]
[Black "Kondrak, Christof"]
[Result "1/2-1/2"]
[WhiteElo "2016"]
[BlackElo "2139"]
[PlyCount "57"]
[EventDate "2019.08.25"]
[EventType "swiss"]
[EventRounds "9"]
[EventCountry "AUT"]
[SourceTitle "EXT 2020"]
[Source "ChessBase"]
[SourceDate "2019.10.17"]
[SourceVersion "1"]
[SourceVersionDate "2019.10.17"]
[SourceQuality "1"]

1. d4 d5 2. c4 e6 3. Nf3 Nf6 4. g3 b6 5. Bg2 Bb7 6. 0-0 Be7 7. Ne5 0-0 8. Qa4 a6 9. Nc3 c6 10. Qd1 Nfd7 11. Nxd7 Nxd7 12. b3 Rc8 13. e4 dxe4 14. Nxe4 Nf6 15. Bf4 Nxe4 16. Bxe4 Bf6 17. Qc2 Bxd4 18. Rad1 Qf6 19. Bg5 Bxf2+ 20. Qxf2 Qxg5 21. Rd7 f5 22. Bg2 Rf7 23. Rfd1 Rxd7 24. Rxd7 Ba8 25. Qxb6 h6 26. Qxa6 Qc1+ 27. Kf2 Qb2+ 28. Kf1 Rf8 29. Ra7 1/2-1/2

[Event "AUT-chT2W 1819"]
[Site "Austria"]
[Date "2019.03.09"]
[Round "10.4"]
[White "Roeck, Vanessa"]
[Black "Kondrak, Christof"]
[Result "0-1"]
[WhiteElo "1627"]
[BlackElo "2107"]
[PlyCount "64"]
[EventDate "2018.10.12"]
[EventType "team-tourn"]
[EventRounds "11"]
[EventCountry "AUT"]
[SourceTitle "CBM 189 Extra"]
[Source "ChessBase"]
[SourceDate "2019.06.03"]
[SourceVersion "1"]
[SourceVersionDate "2019.06.03"]
[SourceQuality "1"]
[WhiteTeam "Oberland"]
[BlackTeam "Jenbach II"]
[WhiteTeamCountry "AUT"]
[BlackTeamCountry "AUT"]

1. d4 d5 2. Nf3 Nf6 3. e3 Bg4 4. Be2 e6 5. Nbd2 c5 6. Ne5 Bf5 7. b3 cxd4 8. exd4 Qc7 9. c4 Bb4 10. Bb2 Ne4 11. Nef3 Qf4 12. g3 Nxd2 13. Nxd2 Qh6 14. a3 Be7 15. Nf3 Nc6 16. Bc1 Qg6 17. b4 dxc4 18. Bxc4 Bc2 19. Qe2 0-0 20. Be3 a6 21. Rc1 Be4 22. 0-0 b5 23. Ba2 Bd3 24. Qd1 Bxf1 25. Rxc6 Bh3 26. Bb1 Qh5 27. Bd3 Qd5 28. Rc1 a5 29. Qe2 axb4 30. axb4 Ra2 31. Rc2 Rxc2 32. Qxc2 Qxf3 0-1

[Event "AUT-chT2W 1819"]
[Site "Austria"]
[Date "2018.12.08"]
[Round "4.6"]
[White "Bruckner, Simon"]
[Black "Kondrak, Christof"]
[Result "0-1"]
[WhiteElo "1729"]
[BlackElo "2107"]
[PlyCount "116"]
[EventDate "2018.10.12"]
[EventType "team-tourn"]
[EventRounds "11"]
[EventCountry "AUT"]
[SourceTitle "CBM 189 Extra"]
[Source "ChessBase"]
[SourceDate "2019.06.03"]
[SourceVersion "1"]
[SourceVersionDate "2019.06.03"]
[SourceQuality "1"]
[WhiteTeam "Neumarkt"]
[BlackTeam "Jenbach II"]
[WhiteTeamCountry "AUT"]
[BlackTeamCountry "AUT"]

1. e4 c5 2. Nf3 e6 3. d4 cxd4 4. Nxd4 a6 5. Nc3 b5 6. Bd3 Bb7 7. 0-0 Qc7 8. Kh1 Nc6 9. Nxc6 Bxc6 10. f4 b4 11. Ne2 Qb7 12. Ng3 Nf6 13. Qe2 h5 14. h4 Be7 15. Bd2 Ng4 16. c3 Bxh4 17. Be1 Be7 18. cxb4 h4 19. Nh5 Rxh5 20. Qxg4 g6 21. Kg1 Bxe4 22. Rd1 Bxd3 23. Rxd3 Bxb4 24. Bxh4 Bc5+ 25. Bf2 Bxf2+ 26. Rxf2 Rc8 27. Rd1 Qb6 28. Qe2 Ke7 29. Qd2 Rd5 30. Qe2 Rxd1+ 31. Qxd1 Qe3 32. Qf3 Rc1+ 33. Kh2 Qxf3 34. Rxf3 f6 35. Kg3 e5 36. Re3 Ke6 37. Ra3 Rc6 38. fxe5 fxe5 39. Kf3 Rb6 40. b3 d5 41. Ra4 Rc6 42. Ke3 Kf5 43. Ra5 Rd6 44. b4 d4+ 45. Kd3 Kf4 46. b5 e4+ 47. Kd2 axb5 48. Rxb5 Ra6 49. Rb2 Ra3 50. Rb3 Rxa2+ 51. Ke1 Rxg2 52. Rb8 Ke3 53. Rb3+ d3 54. Kf1 Rc2 55. Ra3 Kd2 56. Ra1 Rc1+ 57. Rxc1 Kxc1 58. Kg1 d2 0-1

[Event "Innsbruck op-A 2nd"]
[Site "Innsbruck"]
[Date "2018.08.29"]
[Round "6"]
[White "Pfatteicher, Lukas"]
[Black "Kondrak, Christof"]
[Result "0-1"]
[WhiteElo "2202"]
[BlackElo "2107"]
[PlyCount "136"]
[EventDate "2018.08.24"]
[EventType "swiss"]
[EventRounds "9"]
[EventCountry "AUT"]
[SourceTitle "CBM 186 Extra"]
[Source "ChessBase"]
[SourceDate "2018.08.24"]
[SourceVersion "1"]
[SourceVersionDate "2018.08.24"]
[SourceQuality "1"]

1. d4 d5 2. c4 dxc4 3. e4 e6 4. Bxc4 g6 5. Nf3 Bg7 6. Nc3 a6 7. Bg5 Ne7 8. Qd2 h6 9. Be3 b5 10. Bb3 Bb7 11. a3 c5 12. dxc5 Qxd2+ 13. Nxd2 Nd7 14. Bc2 Rc8 15. Nb3 Nc6 16. 0-0-0 Nde5 17. f4 Nc4 18. Bd2 Nd4 19. Nxd4 Bxd4 20. b4 Nxa3 21. Bd3 0-0 22. Kb2 Nc4+ 23. Bxc4 bxc4 24. Rhe1 a5 25. bxa5 Rxc5 26. Be3 Bxe3 27. Rxe3 Rxa5 28. Rd7 Bc6 29. Rc7 Rb8+ 30. Kc2 Ba4+ 31. Kc1 Bb3 32. Rd7 Ra1+ 33. Kd2 Ba4 34. Nxa4 Rxa4 35. Ke2 Kg7 36. Kf3 Rc8 37. Rc3 Rb4 38. Ke3 Rb2 39. Rd2 Rb4 40. e5 Rb3 41. Rdc2 Rcb8 42. Kd4 Rxc3 43. Kxc3 g5 44. fxg5 hxg5 45. Re2 Rc8 46. Re4 Kg6 47. g4 Rc5 48. Kd4 Ra5 49. Kxc4 Ra2 50. Kd3 Rxh2 51. Ke3 Rh3+ 52. Kf2 Rd3 53. Ke2 Rd7 54. Kf3 Kg7 55. Ra4 Rd5 56. Re4 Rc5 57. Kg3 Kf8 58. Re1 Rc3+ 59. Kf2 Ke7 60. Rh1 Rc4 61. Ra1 Rxg4 62. Ra7+ Kf8 63. Kf3 Rf4+ 64. Ke3 Kg7 65. Ra8 Rf5 66. Ke4 g4 67. Rb8 Kg6 68. Rh8 Kg5 0-1

[Event "Innsbruck op-A 2nd"]
[Site "Innsbruck"]
[Date "2018.08.26"]
[Round "3"]
[White "Kolbus, Dietmar"]
[Black "Kondrak, Christof"]
[Result "1-0"]
[WhiteElo "2303"]
[BlackElo "2107"]
[PlyCount "95"]
[EventDate "2018.08.24"]
[EventType "swiss"]
[EventRounds "9"]
[EventCountry "AUT"]
[SourceTitle "CBM 186 Extra"]
[Source "ChessBase"]
[SourceDate "2018.08.24"]
[SourceVersion "1"]
[SourceVersionDate "2018.08.24"]
[SourceQuality "1"]

1. c4 c6 2. Nf3 d5 3. b3 Nf6 4. Bb2 e6 5. g3 Be7 6. Bg2 0-0 7. 0-0 b6 8. d4 Bb7 9. Nbd2 Na6 10. Ne5 c5 11. Rc1 cxd4 12. Bxd4 Ba3 13. Rb1 Qe7 14. cxd5 exd5 15. Nd3 Ne4 16. Nf3 Rfe8 17. Ba1 Rac8 18. Nd4 Nc3 19. Bxc3 Rxc3 20. Nb5 Rcc8 21. Nxa7 Rcd8 22. Nb5 Bc5 23. e3 Nb4 24. Nxb4 Bxb4 25. Qd3 Ba6 26. Rfd1 d4 27. exd4 Bc5 28. Qc2 Bb4 29. a4 Bxb5 30. axb5 Qd6 31. Bc6 Rf8 32. Qc4 Qe7 33. Rd3 Qd6 34. Rbd1 Ba3 35. Kg2 Rb8 36. h4 Rbd8 37. Rf3 Qe7 38. Rdd3 Bd6 39. Rde3 Qa7 40. Re4 Bb8 41. Rf5 Bd6 42. Re3 Qc7 43. Ref3 Qa7 44. Rxf7 Rxf7 45. Rxf7 Qxf7 46. Bd5 Rf8 47. Bxf7+ Rxf7 48. Qe6 1-0

[Event "Innsbruck op-A 2nd"]
[Site "Innsbruck"]
[Date "2018.08.26"]
[Round "2"]
[White "Kondrak, Christof"]
[Black "Haimovich, Tal"]
[Result "0-1"]
[WhiteElo "2107"]
[BlackElo "2416"]
[PlyCount "70"]
[EventDate "2018.08.24"]
[EventType "swiss"]
[EventRounds "9"]
[EventCountry "AUT"]
[SourceTitle "CBM 186 Extra"]
[Source "ChessBase"]
[SourceDate "2018.08.24"]
[SourceVersion "1"]
[SourceVersionDate "2018.08.24"]
[SourceQuality "1"]

1. d4 Nf6 2. c4 e6 3. Nf3 d5 4. Nc3 Bb4 5. Bg5 h6 6. Bxf6 Qxf6 7. e3 0-0 8. Be2 dxc4 9. 0-0 Bxc3 10. bxc3 Nd7 11. Bxc4 b6 12. Bb5 a6 13. Qa4 Qe7 14. Bc6 Rb8 15. Bxd7 Qxd7 16. Qxd7 Bxd7 17. Ne5 Ba4 18. c4 Rfd8 19. Rfc1 c5 20. Nf3 Bc6 21. Ne5 Be8 22. dxc5 bxc5 23. Rc3 Rb2 24. Rd3 Rd2 25. Rxd2 Rxd2 26. h3 f6 27. Nf3 Rc2 28. Rb1 Rxc4 29. Rb8 Kf8 30. Rb6 Ra4 31. Rb2 Bb5 32. Rc2 Rc4 33. Rb2 Ke7 34. Kh2 Rc1 35. Nd2 c4 0-1

[Event "AUT-chT2W 1718"]
[Site "Austria"]
[Date "2018.01.13"]
[Round "7.5"]
[White "Ciolek, Andreas"]
[Black "Kondrak, Christof"]
[Result "1-0"]
[WhiteElo "2218"]
[BlackElo "2146"]
[PlyCount "123"]
[EventDate "2017.10.13"]
[EventType "team-tourn"]
[EventRounds "11"]
[EventCountry "AUT"]
[SourceTitle "EXT 2019"]
[Source "ChessBase"]
[SourceDate "2018.10.10"]
[SourceVersion "1"]
[SourceVersionDate "2018.10.10"]
[SourceQuality "1"]
[WhiteTeam "Bregenz"]
[BlackTeam "Jenbach II"]
[WhiteTeamCountry "AUT"]
[BlackTeamCountry "AUT"]

1. e4 c5 2. Nf3 e6 3. d4 cxd4 4. Nxd4 a6 5. Bd3 b5 6. 0-0 Bb7 7. Nc3 Nc6 8. Be3 Ne5 9. f4 Nxd3 10. cxd3 Nf6 11. Rc1 Be7 12. Nb3 0-0 13. a4 b4 14. Ne2 Ng4 15. Bd4 d6 16. h3 Nf6 17. a5 Nd7 18. Qd2 e5 19. Qxb4 exd4 20. Qxb7 Nc5 21. Nxc5 dxc5 22. Rc2 Rb8 23. Qxa6 Ra8 24. Qc6 Qxa5 25. Ng3 Rfc8 26. Qd7 Bf8 27. Qg4 c4 28. Kh2 Qa6 29. Rfc1 c3 30. bxc3 Qxd3 31. Nf5 g6 32. Nxd4 Qxe4 33. Qf3 Qxf3 34. Nxf3 Rc4 35. g3 Rac8 36. Ne5 R4c7 37. c4 Bd6 38. Nd3 Ba3 39. Ra1 Bc5 40. Ra5 f6 41. Kg2 Kf7 42. Kf3 h5 43. g4 hxg4+ 44. hxg4 Bg1 45. c5 Bd4 46. Rc4 Bg1 47. Rb5 Ke6 48. Rc1 Rd7 49. Nb4 Bd4 50. c6 Rdc7 51. f5+ gxf5 52. gxf5+ Kf7 53. Rd5 Bb6 54. Rd6 Ra7 55. Nd5 Ra3+ 56. Rc3 Rxc3+ 57. Nxc3 Bc5 58. Re6 Bd4 59. Nb5 Bc5 60. Ke4 Be7 61. c7 Ra8 62. Rc6 1-0

[Event "Tirol-ch Seniors 50"]
[Site "Jenbach"]
[Date "2016.06.03"]
[Round "2.1"]
[White "Fasel, Joerg"]
[Black "Kondrak, Christof"]
[Result "0-1"]
[WhiteElo "1782"]
[BlackElo "2154"]
[PlyCount "53"]
[EventDate "2016.05.??"]
[EventType "swiss"]
[EventRounds "5"]
[EventCountry "AUT"]
[SourceTitle "EXT 2024"]
[Source "ChessBase"]
[SourceDate "2023.10.10"]
[SourceVersion "1"]
[SourceVersionDate "2023.10.10"]
[SourceQuality "1"]

1. d4 d5 2. c4 e6 3. Nc3 Nf6 4. Bg5 Be7 5. Nf3 0-0 6. e3 a6 7. Rc1 dxc4 8. Bxc4 b5 9. Bd3 Bb7 10. 0-0 Nbd7 11. Qe2 c5 12. dxc5 Bxf3 13. gxf3 Nxc5 14. Bb1 Rc8 15. b4 Ncd7 16. a3 Ne5 17. Bxf6 Bxf6 18. Rfd1 Qb6 19. Ne4 Be7 20. f4 Nc4 21. Rd3 a5 22. Rb3 Rfd8 23. bxa5 Qxa5 24. Qh5 f5 25. Ng5 Bxg5 26. Qxg5 Nd2 27. Qe7 0-1

[Event "AUT-chT2W 1314"]
[Site "Austria"]
[Date "2014.03.09"]
[Round "11.5"]
[White "Hengl, Christian"]
[Black "Kondrak, Christof"]
[Result "1-0"]
[WhiteElo "2207"]
[BlackElo "2175"]
[PlyCount "99"]
[EventDate "2013.10.18"]
[EventType "team-tourn"]
[EventRounds "11"]
[EventCountry "AUT"]
[SourceTitle "EXT 2015"]
[Source "ChessBase"]
[SourceDate "2014.11.20"]
[SourceVersion "1"]
[SourceVersionDate "2014.11.20"]
[SourceQuality "1"]
[WhiteTeam "Rum Rochade"]
[BlackTeam "Schwaz"]
[WhiteTeamCountry "AUT"]
[BlackTeamCountry "AUT"]

1. e4 c5 2. Nf3 Nc6 3. d4 cxd4 4. Nxd4 e6 5. Be3 a6 6. Bd3 g6 7. 0-0 Bg7 8. c3 Nge7 9. Qd2 0-0 10. Na3 b5 11. Bh6 d5 12. Bxg7 Kxg7 13. Nac2 Bb7 14. Qe3 dxe4 15. Bxe4 Nd5 16. Bxd5 Qxd5 17. Nxc6 Qxc6 18. f3 Rfd8 19. Rfd1 Qc4 20. Rd2 Rac8 21. a3 Rd5 22. Rad1 Rdc5 23. Nb4 a5 24. Nd3 Rh5 25. Ne5 Qc5 26. Qxc5 Rxc5 27. Nd3 Rc4 28. Nf2 b4 29. axb4 axb4 30. Rd4 Rxd4 31. cxd4 Rd5 32. Ng4 Ra5 33. Kf2 Bd5 34. Rd2 Bb3 35. Ne5 Kf8 36. Ke3 f6 37. Nd3 Rb5 38. Nc5 Bd5 39. Rc2 Ke7 40. Nd3 Rb7 41. Rc8 Kd7 42. Rh8 Kc6 43. Rc8+ Kd7 44. Rh8 Kc6 45. Nc5 Rb6 46. Rxh7 e5 47. Rg7 b3 48. Nd3 Kb5 49. dxe5 Bc4 50. Rxg6 1-0

[Event "AUT-chT2W 1314"]
[Site "Austria"]
[Date "2013.10.19"]
[Round "2.5"]
[White "Maurer, Jochen"]
[Black "Kondrak, Christof"]
[Result "1-0"]
[WhiteElo "2233"]
[BlackElo "2175"]
[PlyCount "65"]
[EventDate "2013.10.18"]
[EventType "team-tourn"]
[EventRounds "11"]
[EventCountry "AUT"]
[SourceTitle "EXT 2014"]
[Source "ChessBase"]
[SourceDate "2013.11.20"]
[SourceVersion "1"]
[SourceVersionDate "2013.11.20"]
[SourceQuality "1"]
[WhiteTeam "Kufstein/Woergl"]
[BlackTeam "Schwaz"]
[WhiteTeamCountry "AUT"]
[BlackTeamCountry "AUT"]

1. e4 c5 2. Nf3 a6 3. c3 e6 4. d4 cxd4 5. cxd4 d5 6. e5 Ne7 7. Bd3 Ng6 8. h4 Nc6 9. Nc3 b5 10. h5 Nge7 11. h6 Nf5 12. Bxf5 exf5 13. hxg7 Bxg7 14. Bh6 Bxh6 15. Rxh6 Be6 16. Ne2 Kd7 17. Nf4 Qf8 18. Rf6 Qb4+ 19. Qd2 Qxd2+ 20. Kxd2 Rag8 21. g3 Ne7 22. Rh1 Rg7 23. Rfh6 Ng8 24. R6h5 h6 25. Ke3 Rhh7 26. a4 bxa4 27. Ra1 Kc6 28. Rhh1 Ne7 29. Rxa4 Bc8 30. Rc1+ Kb5 31. b3 Bd7 32. Rc7 Bc6 33. Rxe7 1-0

[Event "AUT-chT2W 1314"]
[Site "Austria"]
[Date "2013.10.18"]
[Round "1.5"]
[White "Kondrak, Christof"]
[Black "Lins, Philipp"]
[Result "1-0"]
[WhiteElo "2175"]
[BlackElo "2093"]
[PlyCount "81"]
[EventDate "2013.10.18"]
[EventType "team-tourn"]
[EventRounds "11"]
[EventCountry "AUT"]
[SourceTitle "EXT 2014"]
[Source "ChessBase"]
[SourceDate "2013.11.20"]
[SourceVersion "1"]
[SourceVersionDate "2013.11.20"]
[SourceQuality "1"]
[WhiteTeam "Schwaz"]
[BlackTeam "Pradl"]
[WhiteTeamCountry "AUT"]
[BlackTeamCountry "AUT"]

1. d4 d6 2. Nf3 g6 3. Bf4 Bg7 4. e3 Nd7 5. h3 e5 6. Bh2 Ne7 7. c4 exd4 8. exd4 Nf5 9. Nc3 0-0 10. Be2 Re8 11. 0-0 a6 12. Rc1 Nb8 13. d5 Nd7 14. b4 a5 15. a3 axb4 16. axb4 Ne5 17. Nxe5 dxe5 18. c5 Nd4 19. Bc4 Kh8 20. Re1 f5 21. Ne2 Nxe2+ 22. Qxe2 Qf6 23. Rcd1 Bd7 24. b5 f4 25. d6 c6 26. Qf3 Qh4 27. bxc6 bxc6 28. Bf1 h5 29. Rb1 Ra2 30. Rb7 Bg4 31. hxg4 hxg4 32. Qe4 Qxf2+ 33. Kh1 f3 34. Reb1 Re2 35. Qxg4 Rf8 36. Bg1 fxg2+ 37. Bxg2 Re1 38. Rxe1 Qxe1 39. Qh3+ Kg8 40. Bxc6 Qd1 41. Qb3+ 1-0

[Event "AUT-chT2W 1213"]
[Site "Austria"]
[Date "2012.12.02"]
[Round "6.6"]
[White "Hicker, Harald"]
[Black "Kondrak, Christof"]
[Result "0-1"]
[WhiteElo "2107"]
[BlackElo "2192"]
[PlyCount "110"]
[EventDate "2012.10.05"]
[EventType "team-tourn"]
[EventRounds "11"]
[EventCountry "AUT"]
[SourceTitle "EXT 2014"]
[Source "ChessBase"]
[SourceDate "2013.11.20"]
[SourceVersion "1"]
[SourceVersionDate "2013.11.20"]
[SourceQuality "1"]
[WhiteTeam "Mozart"]
[BlackTeam "Schwaz"]
[WhiteTeamCountry "AUT"]
[BlackTeamCountry "AUT"]

1. d4 d5 2. c4 c6 3. Nc3 e6 4. e3 Nf6 5. Nf3 Be7 6. Bd3 0-0 7. 0-0 b6 8. b3 Bb7 9. Bb2 Nbd7 10. Qe2 c5 11. cxd5 Nxd5 12. Ba6 Bc6 13. Bb5 Nxc3 14. Bxc3 Bxb5 15. Qxb5 Qc8 16. Rac1 a6 17. Qe2 Qb7 18. Rfd1 Rfd8 19. dxc5 Bxc5 20. Qb2 Bf8 21. Qb1 h6 22. Bb2 Nc5 23. Rxd8 Rxd8 24. Rd1 Rxd1+ 25. Qxd1 Qe4 26. Bd4 a5 27. h3 Qd5 28. Qc2 Qb7 29. Nd2 Nd7 30. a4 e5 31. Bb2 Qd5 32. e4 Qe6 33. Qc4 Qd6 34. Qc2 f6 35. Qc4+ Kh7 36. Nf1 Qd1 37. Qe6 Bc5 38. Bc3 Nf8 39. Qc4 Qc2 40. Bd2 Qxc4 41. bxc4 Ne6 42. Ne3 Bd4 43. Nc2 Nc5 44. Nxd4 exd4 45. f3 Nxa4 46. Bc1 Nc5 47. Ba3 Kg6 48. Kf1 f5 49. Ke2 fxe4 50. fxe4 Kf6 51. Bc1 Ke5 52. g3 Kxe4 53. Bf4 a4 54. Kd2 a3 55. Kc2 a2 0-1

[Event "AUT-chT2W 1213"]
[Site "Austria"]
[Date "2012.10.07"]
[Round "3.6"]
[White "Kondrak, Christof"]
[Black "Tabernig, Bernhard"]
[Result "0-1"]
[WhiteElo "2192"]
[BlackElo "2327"]
[PlyCount "80"]
[EventDate "2012.10.05"]
[EventType "team-tourn"]
[EventRounds "11"]
[EventCountry "AUT"]
[SourceTitle "EXT 2013"]
[Source "ChessBase"]
[SourceDate "2012.11.22"]
[SourceVersion "1"]
[SourceVersionDate "2012.11.22"]
[SourceQuality "1"]
[WhiteTeam "Schwaz"]
[BlackTeam "Zillertal"]
[WhiteTeamCountry "AUT"]
[BlackTeamCountry "AUT"]

1. d4 d5 2. Nf3 c6 3. Bf4 Bf5 4. e3 Qb6 5. Qc1 Nd7 6. Nbd2 h6 7. c4 e6 8. c5 Qd8 9. b4 a6 10. Be2 Ngf6 11. h3 Be7 12. 0-0 0-0 13. a4 Ne4 14. Nb3 Bf6 15. Na5 Ra7 16. Qa3 Re8 17. Rac1 e5 18. dxe5 Nxe5 19. Nd4 Bd7 20. Rfd1 Ng6 21. Bf1 Nxf4 22. exf4 Bxd4 23. Rxd4 Qf6 24. Rcd1 Qxf4 25. Qb2 Qc7 26. Nc4 Bf5 27. Ne3 Bg6 28. b5 axb5 29. axb5 Qa5 30. bxc6 bxc6 31. Nxd5 cxd5 32. c6 Nf6 33. Rb4 Rc8 34. Rc1 Qa3 35. Qxa3 Rxa3 36. g4 Ne8 37. Bg2 Nc7 38. Rc5 Na6 39. Rbb5 Nxc5 40. Rxc5 Be4 0-1